|
|
|
|
| LEADER |
02638nam a22004335i 4500 |
| 001 |
978-3-662-45100-7 |
| 003 |
DE-He213 |
| 005 |
20150205031008.0 |
| 007 |
cr nn 008mamaa |
| 008 |
150205s2015 gw | s |||| 0|eng d |
| 020 |
|
|
|a 9783662451007
|9 978-3-662-45100-7
|
| 024 |
7 |
|
|a 10.1007/978-3-662-45100-7
|2 doi
|
| 040 |
|
|
|d GrThAP
|
| 050 |
|
4 |
|a P98-98.5
|
| 072 |
|
7 |
|a CFX
|2 bicssc
|
| 072 |
|
7 |
|a LAN009000
|2 bisacsh
|
| 072 |
|
7 |
|a COM018000
|2 bisacsh
|
| 082 |
0 |
4 |
|a 410.285
|2 23
|
| 100 |
1 |
|
|a Fang, Alex Chengyu.
|e author.
|
| 245 |
1 |
0 |
|a Text Genres and Registers: The Computation of Linguistic Features
|h [electronic resource] /
|c by Alex Chengyu Fang, Jing Cao.
|
| 264 |
|
1 |
|a Berlin, Heidelberg :
|b Springer Berlin Heidelberg :
|b Imprint: Springer,
|c 2015.
|
| 300 |
|
|
|a XIII, 267 p. 40 illus.
|b online resource.
|
| 336 |
|
|
|a text
|b txt
|2 rdacontent
|
| 337 |
|
|
|a computer
|b c
|2 rdamedia
|
| 338 |
|
|
|a online resource
|b cr
|2 rdacarrier
|
| 347 |
|
|
|a text file
|b PDF
|2 rda
|
| 505 |
0 |
|
|a Introduction -- Language Resources -- Corpus Annotation and Usable Linguistic Features -- Etymological Features across Genres and Registers -- Part-of-Speech Tags and ICE Text Classification -- Verbs and Text Classification -- Adjectives and Text Categories -- Adverbial Clauses across Text Categories and Registers -- Coordination across Modes, Genres and Registers -- Semantic Features and Authorship Attribution -- Pragmatics and Dialogue Acts -- The Future -- Bibliography -- Appendix -- Index.
|
| 520 |
|
|
|a This book is a description of some of the most recent advances in text classification as part of a concerted effort to achieve computer understanding of human language. In particular, it addresses state-of-the-art developments in the computation of higher-level linguistic features, ranging from etymology to grammar and syntax for the practical task of text classification according to genres, registers and subject domains. Serving as a bridge between computational methods and sophisticated linguistic analysis, this book will be of particular interest to academics and students of computational linguistics as well as professionals in natural language engineering.
|
| 650 |
|
0 |
|a Linguistics.
|
| 650 |
|
0 |
|a Computational linguistics.
|
| 650 |
1 |
4 |
|a Linguistics.
|
| 650 |
2 |
4 |
|a Computational Linguistics.
|
| 700 |
1 |
|
|a Cao, Jing.
|e author.
|
| 710 |
2 |
|
|a SpringerLink (Online service)
|
| 773 |
0 |
|
|t Springer eBooks
|
| 776 |
0 |
8 |
|i Printed edition:
|z 9783662450994
|
| 856 |
4 |
0 |
|u http://dx.doi.org/10.1007/978-3-662-45100-7
|z Full Text via HEAL-Link
|
| 912 |
|
|
|a ZDB-2-SHU
|
| 950 |
|
|
|a Humanities, Social Sciences and Law (Springer-11648)
|